Metódy ohodnocovania nehmotného majetku v SR - teória a prax

Analýza metód ohodnocovania nehmotného majetku definovaná v slovenskej legislatíve. Komparácia so základnými princípmi ohodnotenia v zahraničí. Porovnanie jednotlivých prístupov a odporúčania pre odborníkov.

Saved in:
Bibliographic Details
Main Author: Kardoš, Peter
Format: Book Chapter
Language:Slovak
Subjects:
Tags: Add Tag
No Tags, Be the first to tag this record!

MARC

LEADER 00000naa$a2200000$$$4500
001 0173782
005 20240522091714.9
041 0 |a slo 
044 |a SK 
245 1 0 |a Metódy ohodnocovania nehmotného majetku v SR - teória a prax  |c Peter Kardoš 
520 |a Analýza metód ohodnocovania nehmotného majetku definovaná v slovenskej legislatíve. Komparácia so základnými princípmi ohodnotenia v zahraničí. Porovnanie jednotlivých prístupov a odporúčania pre odborníkov. 
610 2 0 |a majetok nehmotný 
610 2 0 |a ohodnocovanie 
610 2 0 |a hodnota majetku 
610 2 0 |a oceňovanie 
610 2 0 |a princíp ekonomický 
610 2 0 |a metódy 
610 2 0 |a znalci 
100 1 |a Kardoš, Peter